00793nam a2200169 a 4500008004100000050002400041100002600065245010100091246006600192260005500258350000900313650003300322650004300355995008100398999001700479952012700496120416s1987 xx |||||||||||||| || u aTHESIS/POSTGRADUATE aOlden, Edward Anthony14aThe beneficiaries of library and information policy in British and ex-British AfricacPhd thesis asteps from the white women's league to the electronic library abUniversity of Illinois at Urbana-Champaignc1987 a0.00 0aLIBRARY SCIENCE--PERIODICALS aLIBRARIANSHIP--HANDBOOKS, MANUALS, ETC D0.00FCBU-MAIN LIBRARY (Kitwe)H1I0.00M1UAVAILABLEZUniversity Collection c35727d35727 00102lcc4070a001b001cUniversity Collectiond2022-11-30l0oTHESIS/POSTGRADUATEp9004731r2022-11-30w2022-11-30y002